00511nam a2200193 a 4500001001300000003000900013005001700022008004100039020001000080082001300090100002400103245005800127260003700185300000900222500003500231505001300266650001400279700002400293nice12345678IN_TiNIC20260116011337.0050524s1973 newa grp 000 0 eng  ac10000a242bNEW aNewton, Joseph Fort aLiving Every Dayb Book of Faith, Philosophy, and Fun aNew York bHarper and Row c1973 a573p aincludes index and biblioraphy2 aAppendix aDevotions1 aNewton, Joseph Fort